000 00713nab a2200229u 4500
001 07978
003 HDC
007 c| |||a|c|aaaa
008 210129b20170203my ||||| |||| 00| 0 may d
040 _aHDC
245 0 _aGHX perluas capaian produk halal
336 _atext
_2rdacontent
337 _acomputer
_2rdamedia
338 _aonline resource
_2rdacarrier
650 _aGlobal Halal Exchange (GHX)
_98481
650 _aHalal products
_9642
710 _aBerita Harian
856 _zRequest full-text at [email protected]
942 _2lcc
942 _cNEWS
942 _kNWSC 001444
999 _c5301
_d5301